000 00338nam a2200121 i 4500
001 bg
245 0 _aPredvaritelno naprjaennye elezobetonnych konstrukcii s nepreryvnym armirovaniem /
_cpod red. V.V. Michajlova.
260 _aMoskva,
_c1970.
040 _cBPK
041 _apol
942 _cKS
008 s pl f |000 0 pol
999 _c12905
_d12905
856 _uhttp://koha.tu.koszalin.pl/cgi-bin/koha/opac-detail.pl?biblionumber=12905
_yKatalog online BPK